|
|
|
|
| LEADER |
02298nam a2200589 i 4500 |
| 001 |
nkc20243591643 |
| 003 |
CZ PrNK |
| 005 |
20250408101139.0 |
| 007 |
ta |
| 008 |
240227s2023 xr a e f 000 0 cze |
| 015 |
|
|
|a cnb003591643
|
| 020 |
|
|
|a 978-80-7278-872-9
|q (brožováno) :
|c neprodejné
|
| 035 |
|
|
|a (OCoLC)1429250449
|
| 040 |
|
|
|a OLA001
|b cze
|e rda
|
| 043 |
|
|
|a e-xr---
|
| 072 |
|
7 |
|a 351
|x Úkoly veřejné správy, správní opatření, legislativa
|2 Konspekt
|9 15
|
| 080 |
|
|
|a 726.82:355
|2 MRF
|
| 080 |
|
|
|a 725.945
|2 MRF
|
| 080 |
|
|
|a 355.1-058.65
|2 MRF
|
| 080 |
|
|
|a 351.776
|2 MRF
|
| 080 |
|
|
|a (437.3)
|2 MRF
|
| 080 |
|
|
|a (035)
|2 MRF
|
| 080 |
|
|
|a (094.5)
|2 MRF
|
| 100 |
1 |
|
|a Vetrák, Imrich
|7 pna20241218952
|4 cwt
|
| 245 |
1 |
0 |
|a Válečné hroby :
|b průvodce zákonem : zásady péče a výklad základních pojmů /
|c Imrich Vetrák
|
| 264 |
|
1 |
|a Praha :
|b Ministerstvo obrany České republiky - VHÚ Praha,
|c 2023
|
| 300 |
|
|
|a 111 stran :
|b ilustrace ;
|c 21 cm
|
| 336 |
|
|
|a text
|b txt
|2 rdacontent
|
| 337 |
|
|
|a bez média
|b n
|2 rdamedia
|
| 338 |
|
|
|a svazek
|b nc
|2 rdacarrier
|
| 500 |
|
|
|a Terminologický slovník
|
| 504 |
|
|
|a Obsahuje bibliografii a bibliografické odkazy
|
| 650 |
0 |
7 |
|a vojenské hroby
|7 ph136916
|z Česko
|2 czenas
|
| 650 |
0 |
7 |
|a válečné památníky
|7 ph127331
|z Česko
|2 czenas
|
| 650 |
0 |
7 |
|a válečné oběti
|7 ph198684
|z Česko
|2 czenas
|
| 650 |
0 |
7 |
|a pohřebnictví
|7 ph124210
|z Česko
|2 czenas
|
| 650 |
0 |
9 |
|a military graves
|z Czechia
|2 eczenas
|
| 650 |
0 |
9 |
|a war memorials
|z Czechia
|2 eczenas
|
| 650 |
0 |
9 |
|a war victims
|z Czechia
|2 eczenas
|
| 650 |
0 |
9 |
|a funeral services
|z Czechia
|2 eczenas
|
| 655 |
|
7 |
|a příručky
|7 fd133209
|2 czenas
|
| 655 |
|
7 |
|a právní předpisy
|7 fd133151
|2 czenas
|
| 655 |
|
9 |
|a handbooks and manuals
|2 eczenas
|
| 655 |
|
9 |
|a legal regulations
|2 eczenas
|
| 710 |
1 |
|
|a Česko.
|t Zákon o válečných hrobech a pietních místech (2004, novela 2017)
|7 kon20211103266
|
| 910 |
2 |
|
|a BOA001
|b 2-1521.805
|
| 928 |
9 |
|
|a Vojenský historický ústav Praha
|
| 990 |
|
|
|a BK
|
| 995 |
|
|
|a 01
|
| 991 |
|
|
|b 202403
|c NOV
|
| 996 |
6 |
|
|b 2610962863
|c 2-1521.805
|l MZK
|r Sklad / do 1 hodiny
|n 0
|p p.v.
|w 001956250
|u 000010
|a 1
|e BOA001
|j MZK50
|s P
|
| 996 |
7 |
|
|b 2611000306
|c 2-1521.805
|l MZK
|r Sklad / do 1 hodiny
|n 0
|p dar
|w 001956250
|u 000020
|a 1
|e BOA001
|j MZK50
|s A
|